Test de Mémoire Visuelle - Pays sur une Carte du Monde DIFFICILE (25) - Statistiques

Statistiques générales
  • Ce quiz a été pris 2 614 fois
  • Le résultat moyen est 13 sur 25
Réponses sur la Carte
Les réponses sont colorées sur une échelle allant du rouge au vert en fonction du pourcentage des utilisateurs qui les ont devinées à leur premier essai. Vous pouvez retrouver ces pourcentages ci-dessous.
 
Statistiques - réponses
Pays % Correct
Canada
96%
États-Unis
93%
Russie
91%
Chine
86%
France
85%
Brésil
82%
Mexique
82%
Danemark
81%
Argentine
79%
Inde
78%
Australie
77%
Chili
76%
Algérie
75%
Allemagne
74%
Suède
72%
Espagne
70%
Royaume-Uni
68%
Italie
67%
Norvège
67%
Pérou
66%
Afrique du Sud
62%
Paraguay
62%
Portugal
62%
Venezuela
62%
Bolivie
61%
Indonésie
61%
Maroc
61%
Colombie
60%
Finlande
60%
Islande
59%
Mongolie
59%
Japon
58%
Équateur
57%
Irlande
57%
Lettonie
57%
Mali
57%
Pologne
57%
Ukraine
57%
Belgique
56%
Égypte
56%
Suisse
56%
Bahamas
55%
RD du Congo
55%
Kazakhstan
54%
Kiribati
53%
Guyana
52%
Libye
52%
Madagascar
52%
Autriche
51%
Cuba
51%
Cap-Vert
50%
Mauritanie
50%
Mozambique
50%
Pays-Bas
50%
Philippines
50%
Soudan
50%
Suriname
50%
Turquie
50%
Uruguay
50%
Viêt Nam
50%
Iran
48%
Namibie
48%
Estonie
47%
Guatemala
47%
Lituanie
47%
Tchad
47%
Arabie Saoudite
46%
Biélorussie
46%
Corée du Sud
46%
Roumanie
46%
Birmanie
45%
Laos
45%
Niger
45%
Nouvelle-Zélande
45%
Panama
45%
République Tchèque
45%
Angola
44%
Bulgarie
44%
Éthiopie
44%
Malaisie
44%
Népal
44%
Nigeria
44%
Thaïlande
44%
Corée du Nord
43%
Irak
43%
République Dominicaine
43%
Sénégal
43%
Slovaquie
43%
Somalie
43%
Honduras
42%
Hongrie
42%
Maldives
42%
République du Congo
42%
Tunisie
42%
Cambodge
41%
Grèce
41%
Ouzbékistan
41%
Papouasie-Nouvelle-Guinée
41%
Bangladesh
40%
Croatie
40%
Fidji
40%
Kenya
40%
Nicaragua
40%
Oman
40%
Seychelles
40%
Soudan du Sud
40%
États Fédérés de Micronésie
39%
Tadjikistan
39%
Tanzanie
39%
Maurice
38%
Pakistan
38%
République Centrafricaine
38%
Serbie
38%
Cameroun
37%
Côte d'Ivoire
37%
Yémen
37%
Bosnie-Herzégovine
36%
Botswana
36%
Lesotho
36%
Sri Lanka
36%
Syrie
36%
Turkménistan
36%
Zambie
36%
Ghana
35%
Moldavie
35%
Afghanistan
34%
Comores
34%
Zimbabwe
34%
Bhoutan
33%
Émirats Arabes Unis
33%
Gabon
33%
Guinée
33%
Sao Tomé-et-Principe
33%
Azerbaïdjan
32%
Bénin
32%
Burkina Faso
32%
Kirghizistan
32%
Nauru
32%
Palaos
32%
Sierra Leone
32%
Tuvalu
32%
Arménie
31%
Géorgie
31%
Îles Marshall
31%
Ouganda
31%
Samoa
31%
Tonga
31%
Vanuatu
31%
Liberia
30%
Taïwan
30%
Îles Salomon
28%
Érythrée
27%
Malawi
27%
Jordanie
23%
Aucun quiz correspondant
Distribution des résultats
% des personnes avec chaque résultat
Percentile par nombre de réponses
Votre historique - résultats
Vous n’avez pas pris ce quiz